00000000nam##2200000za#4500
0019.688490
003CaOODSP
00520210624231441
007cr |||||||||||
008150407|2003||||xxc|||||o    f|0| 0 eng|d
040 |aCaOODSP|beng
043 |an-cn---
0861 |aT22-120/2003E-PDF
1101 |aCanada. |bTransport Canada.
24514|aThe Canada Marine Act - beyond tomorrow : |h[electronic resource]|breport of the Review Panel to the Minister of Transport
2461 |aCanada Marine Act review
260 |aOttawa - Ontario : |bTransport Canada |c2003.
300 |a69p.|bgraph, tables
500 |aThe catalogue number and ISBN for the bilingual print edition have been incorrectly copied in the PDF edition.
5203 |aThis final report presents the Review Panel’s analysis of 140 written briefs and 75 presentations on the implementation issues of the Act. Besides putting forward general recommendations that the Act incorporate a preamble and a mandatory review every five years, the report presents recommendations concerning the Canada Port Authorities, the St. Lawrence Seaway, public ports, pilotage, and ferries. The report also details other stakeholders’ observations that are important to the objectives of the National Marine Policy.
590 |a06-23|b2006-06-09
69007|aPolicy review|2gcpds
69007|aWater transport|2gcpds
77508|tLa Loi maritime du Canada - vers l'avenir : |w(CaOODSP)9.632915
7760#|tThe Canada Marine Act - beyond tomorrow : |w(CaOODSP)9.664655
7760#|tLa Loi maritime du Canada - vers l'avenir : |w(CaOODSP)9.664656
85640|ahttp://publications.gc.ca|qPDF|s364 KB|uhttps://publications.gc.ca/collections/Collection/T22-120-2003E.pdf